000 00441 a2200169 4500
001 191637
020 _a978-85-16-05086-3
040 _cMagnum
100 _aDreguer, Ricardo
240 1 0 _aO surfista e o sertanejo: encontro do mar com o sertão
_lpor
245 1 0 _aO surfista e o sertanejo: encontro do mar com o sertão
300 _a47
362 0 _a2010
440 1 _aModerna
697 _aLITERATURA INFANTO-JUVENIL
942 _cBK
999 _c191637
_d191637